[Event "Godesberger SK 2 - Siegener SV 1"]
[Site "NRW-Klasse - Gruppe 4 2019/20"]
[Date "2019.10.06"]
[Round "2.3"]
[White "Schmidt, Matthias"]
[Black "Luebsen, Keno"]
[Result "0-1"]
[WhiteElo "1952"]
[BlackElo "2120"]
[PlyCount "82"]
[EventDate "2019.??.??"]
[SourceVersionDate "2020.03.16"]
[WhiteTeam "Siegener SV 1"]
[BlackTeam "Godesberger SK 2"]

1. e4 e6 2. d4 d5 3. Nc3 Nf6 4. Bg5 Bb4 5. e5 h6 6. Bd2 Bxc3 7. bxc3 Ne4 8. Nf3
c5 9. Bd3 Nc6 10. O-O Qa5 11. dxc5 Nxd2 12. Qxd2 Qxc5 13. Rab1 O-O 14. Rfe1 b6
15. Rb3 Bd7 16. Rb5 Qe7 17. Qf4 Rac8 18. Qg3 Na5 19. Rb4 Rxc3 20. Rg4 f5 21.
exf6 Rxf6 22. Ne5 Rc8 23. Qh4 Be8 24. Qg3 Nc6 25. Ng6 Bxg6 26. Bxg6 Rcf8 27. f3
e5 28. h4 Rf4 29. Bd3 Rxg4 30. Qxg4 Qf6 31. a3 e4 32. Bb5 Nd4 33. Be2 Nxc2 34.
Rc1 Nd4 35. Bd1 exf3 36. Bxf3 Nxf3+ 37. gxf3 Qxf3 38. Qxf3 Rxf3 39. Rd1 Rxa3
40. Rxd5 Ra4 41. h5 Ra5 0-1

[Event "Godesberger SK 2 - Siegener SV 1"]
[Site "NRW-Klasse - Gruppe 4 2019/20"]
[Date "2019.10.06"]
[Round "2.4"]
[White "Zupcevic, Samir"]
[Black "Lindner, Torsten"]
[Result "1-0"]
[WhiteElo "2099"]
[BlackElo "1858"]
[PlyCount "85"]
[EventDate "2019.??.??"]
[SourceVersionDate "2020.03.16"]
[WhiteTeam "Godesberger SK 2"]
[BlackTeam "Siegener SV 1"]

1. d4 Nf6 2. Nf3 g6 3. c4 Bg7 4. Nc3 d5 5. e3 O-O 6. Qb3 c6 7. Bd3 a6 8. a4 b6
9. Ne5 Bb7 10. O-O Nbd7 11. Nxd7 Nxd7 12. cxd5 c5 13. Ne2 cxd4 14. e4 Nc5 15.
Qd1 e6 16. dxe6 fxe6 17. f3 Nxd3 18. Qxd3 a5 19. Rd1 Ba6 20. Qd2 e5 21. b3 Rc8
22. Bb2 Qf6 23. Ng3 Qe6 24. Ba3 Rf7 25. b4 axb4 26. Qxb4 Rfc7 27. a5 bxa5 28.
Qxa5 Bc4 29. Bb4 Bb3 30. Rdb1 Bh6 31. Bd2 Bxd2 32. Qxd2 Rc2 33. Qg5 d3 34. h4
d2 35. Kh2 Kh8 36. h5 gxh5 37. Nxh5 Rg8 38. Ra8 Rc7 39. Rxg8+ Qxg8 40. Qxe5+
Rg7 41. Nxg7 Qxg7 42. Qb8+ Qg8 43. Rxb3 1-0

[Event "Godesberger SK 2 - Siegener SV 1"]
[Site "NRW-Klasse - Gruppe 4 2019/20"]
[Date "2019.10.06"]
[Round "2.5"]
[White "Scholl, Eckhard"]
[Black "Roski, Ferdinand"]
[Result "0-1"]
[WhiteElo "1882"]
[BlackElo "2065"]
[PlyCount "74"]
[EventDate "2019.??.??"]
[SourceVersionDate "2020.03.16"]
[WhiteTeam "Siegener SV 1"]
[BlackTeam "Godesberger SK 2"]

1. e4 c5 2. Nf3 Nc6 3. Bb5 g6 4. O-O Bg7 5. Re1 Nf6 6. c3 O-O 7. d4 d5 8. e5
Ne4 9. Bxc6 bxc6 10. Nbd2 Nxd2 11. Bxd2 Rb8 12. b3 cxd4 13. cxd4 h6 14. Qc1 Kh7
15. Qxc6 Bg4 16. Rac1 Bxf3 17. gxf3 e6 18. Qa6 Qh4 19. Kg2 Qxd4 20. Qe2 Rbc8
21. f4 Qb2 22. Be3 Qxe2 23. Rxe2 Rxc1 24. Bxc1 Rc8 25. Ba3 g5 26. fxg5 hxg5 27.
Bd6 Kg6 28. b4 Kf5 29. Re3 d4 30. Rf3+ Ke4 31. Rxf7 d3 32. Bc5 Rd8 33. f3+ Kxe5
34. Be3 d2 35. Bxd2 Rxd2+ 36. Kg3 Bf6 37. Rxa7 Kf5 0-1

[Event "Godesberger SK 2 - Siegener SV 1"]
[Site "NRW-Klasse - Gruppe 4 2019/20"]
[Date "2019.10.06"]
[Round "2.6"]
[White "Kummer, Wolfram"]
[Black "Besser, Axel"]
[Result "1/2-1/2"]
[WhiteElo "2031"]
[BlackElo "1881"]
[PlyCount "68"]
[EventDate "2019.??.??"]
[SourceVersionDate "2020.03.16"]
[WhiteTeam "Godesberger SK 2"]
[BlackTeam "Siegener SV 1"]

1. e4 c5 2. Nf3 d6 3. d4 cxd4 4. Nxd4 Nf6 5. Nc3 a6 6. Bg5 e6 7. f4 Be7 8. Qf3
O-O 9. O-O-O Qc7 10. Bd3 Nbd7 11. Rhe1 Nc5 12. e5 Nxd3+ 13. Rxd3 dxe5 14. fxe5
Nd5 15. Bxe7 Nxe7 16. Qh5 Ng6 17. Rh3 h6 18. Rg3 Qc5 19. Nf3 Qc4 20. Rg4 Qc7
21. Ne4 Rd8 22. Nf6+ Kf8 23. Ne4 b5 24. Nd6 Nxe5 25. Qxe5 f6 26. Qe4 f5 27.
Qxa8 fxg4 28. Nxc8 Qf4+ 29. Kb1 gxf3 30. gxf3 Qc7 31. Qe4 Rxc8 32. Qh7 Rd8 33.
a3 Rd2 34. h4 Qd6 1/2-1/2

[Event "Godesberger SK 2 - Siegener SV 1"]
[Site "NRW-Klasse - Gruppe 4 2019/20"]
[Date "2019.10.06"]
[Round "2.7"]
[White "Wallasch, Thomas"]
[Black "Mueller-Boge, Michael"]
[Result "0-1"]
[WhiteElo "1805"]
[BlackElo "1973"]
[PlyCount "60"]
[EventDate "2019.??.??"]
[SourceVersionDate "2020.03.16"]
[WhiteTeam "Siegener SV 1"]
[BlackTeam "Godesberger SK 2"]

1. d4 Nf6 2. c4 g6 3. Nc3 d5 4. cxd5 Nxd5 5. e4 Nxc3 6. bxc3 Bg7 7. Bc4 c5 8.
Ne2 Nc6 9. Be3 O-O 10. O-O Na5 11. Bd3 b6 12. dxc5 bxc5 13. Rb1 c4 14. Bc2 Qc7
15. Qc1 e5 16. Rd1 Be6 17. Qa3 Rfd8 18. Rxd8+ Rxd8 19. Ng3 Bf8 20. Qc1 Nb7 21.
Nf1 Nc5 22. Rb5 Bd7 23. Rb2 Bc6 24. Bxc5 Bxc5 25. Nd2 Ba3 26. Nxc4 Bxb2 27.
Nxb2 Qa5 28. Bb3 Bxe4 29. Qe3 Bc6 30. Nc4 Qxa2 0-1

[Event "Godesberger SK 2 - Siegener SV 1"]
[Site "NRW-Klasse - Gruppe 4 2019/20"]
[Date "2019.10.06"]
[Round "2.8"]
[White "Schaefer, Timo"]
[Black "Pramann, Juergen"]
[Result "1-0"]
[WhiteElo "1942"]
[BlackElo "1668"]
[PlyCount "103"]
[EventDate "2019.??.??"]
[SourceVersionDate "2020.03.16"]
[WhiteTeam "Godesberger SK 2"]
[BlackTeam "Siegener SV 1"]

1. d4 d5 2. c4 e6 3. Nf3 c6 4. Nc3 Nf6 5. Bg5 Nbd7 6. cxd5 exd5 7. e3 Qa5 8.
Nd2 Bb4 9. Qc2 O-O 10. Bd3 h6 11. Bh4 Re8 12. O-O Nf8 13. Bxf6 gxf6 14. e4 Ne6
15. Nb3 Qd8 16. exd5 cxd5 17. Kh1 Nf4 18. Bf5 Bxc3 19. bxc3 Re2 20. Qb1 Qc7 21.
Bd3 Nxd3 22. Qxd3 Re4 23. Nc5 Rg4 24. Qf3 Qd6 25. Nxb7 Qc7 26. Nc5 Qd6 27. Rfe1
Kg7 28. Re8 Rg5 29. Qe3 Rh5 30. Qg3+ Qxg3 31. fxg3 Rf5 32. Kg1 Rb8 33. Nd3 Ra8
34. Rb1 Bb7 35. Re7 Ba6 36. Nc5 Kf8 37. Ree1 Bc4 38. a4 a6 39. Nd7+ Kg7 40. Nb6
Rd8 41. Nxc4 dxc4 42. Rb4 Rc8 43. Rf1 Ra5 44. Rf4 f5 45. Kf2 Rd5 46. Ke3 Re8+
47. Kd2 Rc8 48. Kc2 Re8 49. Rxc4 Re2+ 50. Kd3 Rxg2 51. Rc5 Rd6 52. Rcxf5 1-0

[Event "SF Stadtverwaltung Bonn 1 - SV Weidenau"]
[Site "NRW-Klasse - Gruppe 4 2019/20"]
[Date "2019.10.06"]
[Round "2.1"]
[White "Karthaeuser, Johannes"]
[Black "Horstmann, Olaf"]
[Result "1-0"]
[WhiteElo "2158"]
[BlackElo "2147"]
[PlyCount "61"]
[EventDate "2019.??.??"]
[SourceVersionDate "2020.03.16"]
[WhiteTeam "SV Weidenau/Geisweid 1"]
[BlackTeam "SF Stadtverwaltung Bonn 1"]

1. e4 d5 2. exd5 Qxd5 3. Nc3 Qa5 4. d4 Nf6 5. Nf3 Bg4 6. h3 Bh5 7. g4 Bg6 8.
Ne5 e6 9. Bg2 c6 10. O-O Nbd7 11. Nc4 Qc7 12. f4 Nb6 13. Ne3 O-O-O 14. a4 h5
15. a5 Nbd5 16. Nexd5 Nxd5 17. f5 Bh7 18. Nxd5 cxd5 19. fxe6 fxe6 20. Qe2 Be4
21. Bg5 Re8 22. Bxe4 dxe4 23. Bf4 Bd6 24. Ra3 Kb8 25. Rc3 Qd7 26. Qxe4 hxg4 27.
a6 e5 28. dxe5 Rxh3 29. Rd1 Rxc3 30. Rxd6 Qb5 31. bxc3 1-0

[Event "SF Stadtverwaltung Bonn 1 - SV Weidenau"]
[Site "NRW-Klasse - Gruppe 4 2019/20"]
[Date "2019.10.06"]
[Round "2.2"]
[White "Weigant, Wladimir"]
[Black "Meinhardt, Michael"]
[Result "0-1"]
[WhiteElo "2140"]
[BlackElo "1997"]
[PlyCount "58"]
[EventDate "2019.??.??"]
[SourceVersionDate "2020.03.16"]
[WhiteTeam "SF Stadtverwaltung Bonn 1"]
[BlackTeam "SV Weidenau/Geisweid 1"]

1. Nf3 Nf6 2. g3 e6 3. Bg2 d5 4. O-O c5 5. d3 Nc6 6. Nbd2 Be7 7. e4 Qc7 8. Re1
b6 9. e5 Nd7 10. Qe2 Bb7 11. Nf1 O-O-O 12. c3 h6 13. h4 Rdg8 14. N1h2 g5 15.
hxg5 hxg5 16. Ng4 Kb8 17. a3 d4 18. Qc2 Rh5 19. Bd2 Rgh8 20. Re4 f5 21. exf6
Nxf6 22. Nxf6 Bxf6 23. Rae1 Ne5 24. Nxe5 Bxe5 25. Bf3 g4 26. Bxg4 Rh1+ 27. Kg2
R8h2+ 28. Kf3 Qf7+ 29. Bf4 Rxe1 0-1

[Event "SF Stadtverwaltung Bonn 1 - SV Weidenau"]
[Site "NRW-Klasse - Gruppe 4 2019/20"]
[Date "2019.10.06"]
[Round "2.3"]
[White "Donner, Bernd"]
[Black "Suppert, Timur"]
[Result "1-0"]
[WhiteElo "2148"]
[BlackElo "2113"]
[PlyCount "53"]
[EventDate "2019.??.??"]
[SourceVersionDate "2020.03.16"]
[WhiteTeam "SV Weidenau/Geisweid 1"]
[BlackTeam "SF Stadtverwaltung Bonn 1"]

1. e4 d5 2. Nc3 d4 3. Nce2 e5 4. Ng3 Be6 5. Nf3 f6 6. Bd3 Nd7 7. Qe2 Nb6 8. c3
c5 9. b3 Ne7 10. Nh4 g5 11. Nhf5 Ng6 12. Nh5 Kf7 13. g3 c4 14. bxc4 dxc3 15.
O-O Ne7 16. Ba3 Rc8 17. Nd6+ Kg6 18. f4 g4 19. f5+ Kxh5 20. fxe6 Rc6 21. Nf7
Qd4+ 22. Kg2 Rg8 23. Rxf6 Rg6 24. Raf1 Rxf6 25. Rxf6 Bg7 26. Qxg4+ Kxg4 27.
Be2# 1-0

[Event "SF Stadtverwaltung Bonn 1 - SV Weidenau"]
[Site "NRW-Klasse - Gruppe 4 2019/20"]
[Date "2019.10.06"]
[Round "2.4"]
[White "Wahl, Felix"]
[Black "Waechtler, Frank"]
[Result "0-1"]
[WhiteElo "2064"]
[BlackElo "1995"]
[PlyCount "94"]
[EventDate "2019.??.??"]
[SourceVersionDate "2020.03.16"]
[WhiteTeam "SF Stadtverwaltung Bonn 1"]
[BlackTeam "SV Weidenau/Geisweid 1"]

1. e4 Nf6 2. e5 Nd5 3. d4 d6 4. Nf3 Bg4 5. Be2 e6 6. O-O Be7 7. c4 Nb6 8. Nc3
O-O 9. Be3 Nc6 10. exd6 cxd6 11. d5 exd5 12. Nxd5 Bxf3 13. gxf3 Nxd5 14. Qxd5
Bf6 15. Rab1 Re8 16. Rfd1 Be5 17. Bf1 Qf6 18. b4 Ne7 19. Qxb7 Ng6 20. Bg2 Nf4
21. Bxf4 Qxf4 22. c5 Qxh2+ 23. Kf1 h5 24. Qd7 Qf4 25. cxd6 Red8 26. Qc6 Bxd6
27. Qe4 Qf6 28. Qd4 Be5 29. Qe4 Rab8 30. a4 Bc3 31. b5 Ba5 32. Rbc1 Re8 33. Qc6
Re6 34. Qc4 Rbe8 35. f4 Bb6 36. Bc6 R8e7 37. Bf3 h4 38. Kg2 h3+ 39. Kxh3 Bxf2
40. Rd8+ Re8 41. Rxe8+ Rxe8 42. Kg2 Qh4 43. Kf1 Qg3 44. Bg2 Be3 45. Rc2 Bd2 46.
Be4 Qxf4+ 47. Kg2 Rxe4 0-1

[Event "SF Stadtverwaltung Bonn 1 - SV Weidenau"]
[Site "NRW-Klasse - Gruppe 4 2019/20"]
[Date "2019.10.06"]
[Round "2.5"]
[White "Boyko, Oleksiy"]
[Black "Marzec, Ronny"]
[Result "1/2-1/2"]
[WhiteElo "1902"]
[BlackElo "2001"]
[PlyCount "105"]
[EventDate "2019.??.??"]
[SourceVersionDate "2020.03.16"]
[WhiteTeam "SV Weidenau/Geisweid 1"]
[BlackTeam "SF Stadtverwaltung Bonn 1"]

1. d4 d5 2. c4 e6 3. Nc3 Nf6 4. cxd5 exd5 5. Bg5 c6 6. e3 Be7 7. Bd3 O-O 8. Qc2
Nbd7 9. Nge2 Re8 10. O-O Ne4 11. Bxe7 Qxe7 12. Bxe4 dxe4 13. Rab1 Nb6 14. Ng3
f5 15. a4 Qb4 16. b3 Be6 17. Nge2 Rac8 18. Nf4 Bd5 19. h4 a5 20. Na2 Qa3 21.
Qc5 Qxc5 22. dxc5 Nd7 23. Nc3 Bf7 24. b4 axb4 25. Rxb4 Nxc5 26. Nce2 Ra8 27.
Rfb1 Ra5 28. Nd4 g6 29. Nfe2 Rea8 30. Nc3 R8a7 31. g3 Kf8 32. h5 Kg7 33. Kg2
Kf6 34. hxg6 hxg6 35. Kf1 Be8 36. Rb6 Ke7 37. Nb3 Nxa4 38. Nxa5 Nxb6 39. Rxb6
Rxa5 40. Rxb7+ Bd7 41. Ke2 Ra8 42. g4 Kd6 43. gxf5 gxf5 44. f3 Ra3 45. Nd1 Ra2+
46. Rb2 Rxb2+ 47. Nxb2 Kc5 48. f4 Kb4 49. Kd2 Be8 50. Nd1 Kb3 51. Nc3 Bh5 52.
Nb1 Bf7 53. Nc3 1/2-1/2

[Event "SF Stadtverwaltung Bonn 1 - SV Weidenau"]
[Site "NRW-Klasse - Gruppe 4 2019/20"]
[Date "2019.10.06"]
[Round "2.6"]
[White "Wagner, Rainer"]
[Black "Piskorz, Andreas"]
[Result "1-0"]
[WhiteElo "1997"]
[BlackElo "1893"]
[PlyCount "103"]
[EventDate "2019.??.??"]
[SourceVersionDate "2020.03.16"]
[WhiteTeam "SF Stadtverwaltung Bonn 1"]
[BlackTeam "SV Weidenau/Geisweid 1"]

1. d4 d5 2. c4 e6 3. Nc3 Nf6 4. Bf4 Bd6 5. Bg3 O-O 6. e3 c5 7. Nf3 cxd4 8. Bxd6
Qxd6 9. Nxd4 a6 10. cxd5 Nxd5 11. Rc1 Nd7 12. Be2 N7f6 13. O-O Rd8 14. Qb3 Nxc3
15. Qxc3 Nd5 16. Qc5 Qxc5 17. Rxc5 Bd7 18. Bf3 Rac8 19. Rxc8 Rxc8 20. Bxd5 exd5
21. Rd1 Kf8 22. Kf1 Ke7 23. Ke1 Bg4 24. Rb1 Kf6 25. Kd2 Ke5 26. Rc1 Rc4 27. Rc3
Bd7 28. a3 h6 29. b3 Rc8 30. Rxc8 Bxc8 31. Kc3 Bd7 32. f3 g6 33. Kb4 b6 34. Kc3
Kd6 35. f4 Be8 36. Nf3 Bb5 37. Ne5 Be8 38. Kd4 h5 39. Nd3 a5 40. Nb2 f6 41. Nd1
a4 42. b4 g5 43. Nc3 g4 44. g3 Bc6 45. b5 Be8 46. Nxd5 Bxb5 47. Nxf6 Bc6 48.
Ne4+ Bxe4 49. Kxe4 b5 50. Kd4 b4 51. axb4 a3 52. Kc3 1-0

[Event "SF Stadtverwaltung Bonn 1 - SV Weidenau"]
[Site "NRW-Klasse - Gruppe 4 2019/20"]
[Date "2019.10.06"]
[Round "2.7"]
[White "Peutz, Arne"]
[Black "Dehmel, Jens"]
[Result "0-1"]
[WhiteElo "1863"]
[BlackElo "1960"]
[PlyCount "114"]
[EventDate "2019.??.??"]
[SourceVersionDate "2020.03.16"]
[WhiteTeam "SV Weidenau/Geisweid 1"]
[BlackTeam "SF Stadtverwaltung Bonn 1"]

1. e4 e5 2. Nf3 Nc6 3. Bc4 Bc5 4. c3 Nf6 5. d3 a6 6. Bb3 d6 7. h3 h6 8. Nbd2
Be6 9. Bc2 O-O 10. Nf1 d5 11. Qe2 Re8 12. Ng3 b5 13. Nh2 Qd7 14. Qf3 Ne7 15.
Bxh6 Ng6 16. Bg5 Nh7 17. Qh5 Nxg5 18. Qxg5 Be7 19. Qh5 Nf4 20. Qf3 b4 21. Ng4
f6 22. Nf5 bxc3 23. bxc3 Qc6 24. O-O Qxc3 25. Rac1 dxe4 26. Qxe4 Bd5 27. Nxe7+
Rxe7 28. Bb3 Qxb3 29. Qxf4 exf4 30. axb3 Bxb3 31. Rc3 Bd5 32. Rfc1 c6 33. f3 a5
34. Nf2 Rb7 35. Ne4 a4 36. Nc5 Rb4 37. Ra3 Ra5 38. Kf2 Kf7 39. Rc2 Bb3 40. Rc3
Rbb5 41. Nxb3 axb3 42. Raxb3 Rxb3 43. Rxb3 Ra2+ 44. Kg1 Ke6 45. Rc3 Kd5 46. h4
c5 47. Rc4 g5 48. Kh2 Ra3 49. h5 Rxd3 50. Re4 Rb3 51. Kh3 f5 52. Re8 Rb1 53.
Kh2 g4 54. fxg4 fxg4 55. Rf8 Ke4 56. Re8+ Kf5 57. g3 Rb2+ 0-1

[Event "SF Stadtverwaltung Bonn 1 - SV Weidenau"]
[Site "NRW-Klasse - Gruppe 4 2019/20"]
[Date "2019.10.06"]
[Round "2.8"]
[White "Hoefer, Severin Paul"]
[Black "Toepler, Stefan"]
[Result "1-0"]
[WhiteElo "1876"]
[BlackElo "1760"]
[Annotator "Daniel"]
[PlyCount "115"]
[EventDate "2019.??.??"]
[SourceVersionDate "2020.03.16"]
[WhiteTeam "SF Stadtverwaltung Bonn 1"]
[BlackTeam "SV Weidenau/Geisweid 1"]

1. Nf3 e6 2. b3 Nf6 3. Bb2 d5 4. e3 Bd6 5. c4 c6 6. Nc3 Qe7 7. d4 b6 8. cxd5
exd5 9. Bd3 Ba6 10. O-O Bxd3 11. Qxd3 O-O 12. Ne2 Nbd7 13. Ng3 Bxg3 14. hxg3
Ne4 15. a4 Qe6 16. a5 Rfe8 17. Rfc1 b5 18. Ne5 Rac8 19. Qe2 Nb8 20. a6 Nd7 21.
Rc2 f6 22. Nd3 Rc7 23. Bc3 Nxc3 $11 24. Rxc3 Qd6 25. Qa2 Rec8 26. Qa3 Qxa3 27.
Rxa3 Kf7 28. Nb4 Ke6 29. Ra1 Kd6 30. Rd1 g6 31. g4 Re8 32. g3 Rec8 33. Kg2 Nb6
34. Rh1 Re8 35. Kf3 Rec8 36. Kf4 Re7 37. Rhc1 Rec7 38. g5 f5 39. g4 fxg4 40.
Kxg4 Nd7 41. Nd3 c5 42. dxc5+ Nxc5 43. Nxc5 Rxc5 44. Rxc5 Rxc5 45. Rh1 Rc7 46.
f4 Re7 47. f5 gxf5+ 48. Kxf5 Rf7+ 49. Kg4 Kc5 50. Rd1 Kc6 51. Rd4 Kd6 $11 52.
e4 Kc6 53. Rxd5 Kb6 54. Rd6+ Kc5 55. Rd3 Kb6 56. e5 Kxa6 57. e6 Re7 58. Kf5 1-0

[Event "Langenfelder SF 1 - SG Solingen 3"]
[Site "NRW-Klasse - Gruppe 4 2019/20"]
[Date "2019.10.06"]
[Round "2.1"]
[White "Zolfagharian, Kevin"]
[Black "Rechmann, Peter"]
[Result "0-1"]
[WhiteElo "2268"]
[BlackElo "2203"]
[Annotator "Daniel"]
[PlyCount "134"]
[EventDate "2019.??.??"]
[SourceVersionDate "2020.03.16"]
[WhiteTeam "SG Solingen 3"]
[BlackTeam "Langenfelder SF 1"]

1. e4 e6 2. Nf3 d5 3. Nc3 Nf6 4. e5 Nfd7 5. d4 c5 6. Bg5 Qb6 7. dxc5 Bxc5 8.
Qd2 Nc6 9. O-O-O Qa5 10. a3 a6 11. Kb1 Rb8 12. Bh4 b5 13. Nxd5 exd5 14. Qxd5
Ne7 15. Bxe7 Bxe7 16. Nd4 Qc7 17. e6 fxe6 18. Nxe6 Qe5 19. Qc6 Kf7 20. Nd4 Nf6
21. Qc3 Rd8 22. f4 Qc5 23. Qb3+ Qd5 24. Nc6 $11 Qxb3 25. Nxd8+ Bxd8 26. cxb3
Bc7 27. Rd4 Bb6 28. Rd1 Ng4 29. a4 Nf2 30. axb5 Nxd1 31. Bc4+ Kf6 32. Rxd1 Bf5+
33. Ka2 axb5 34. Bxb5 Be3 35. Rd6+ Ke7 36. Rd5 Ra8+ 37. Ba4 Be6 38. Re5 Bd4 39.
Re4 Rxa4+ 40. Kb1 Kf7 41. Rxe6 Ra1+ 42. Kxa1 Kxe6 43. Kb1 Kf5 44. Kc2 Kxf4 45.
Kd3 Bxb2 46. Ke2 Bd4 47. b4 Bg1 48. b5 Bxh2 49. Kf2 Bg3+ 50. Kg1 Ke5 51. b6 Kd6
52. b7 Kc7 53. b8=B+ Kxb8 54. Kh1 Kc7 55. Kg1 Kd6 56. Kh1 Ke5 57. Kg1 Ke4 58.
Kh1 Ke3 59. Kg1 Ke2 60. Kh1 g5 61. Kg1 g4 62. Kh1 Be5 63. Kg1 Ke1 64. Kh1 Kf1
65. g3 Kf2 66. Kh2 Bxg3+ 67. Kh1 Bh4 0-1

[Event "Langenfelder SF 1 - SG Solingen 3"]
[Site "NRW-Klasse - Gruppe 4 2019/20"]
[Date "2019.10.06"]
[Round "2.2"]
[White "Stoeber, Michael"]
[Black "Hobusch, Jan"]
[Result "1/2-1/2"]
[WhiteElo "2222"]
[BlackElo "2180"]
[PlyCount "42"]
[EventDate "2019.??.??"]
[SourceVersionDate "2020.03.16"]
[WhiteTeam "Langenfelder SF 1"]
[BlackTeam "SG Solingen 3"]

1. Nf3 d5 2. c4 c6 3. e3 Nf6 4. Nc3 Bg4 5. Qb3 Qb6 6. Qxb6 axb6 7. cxd5 Nxd5 8.
Nxd5 cxd5 9. Ne5 Bd7 10. d4 e6 11. Bd2 Bd6 12. Nxd7 Kxd7 13. Bb5+ Nc6 14. Ke2
Rhc8 15. Rhc1 Kd8 16. Rc3 Bb4 17. Rb3 Bxd2 18. Kxd2 Na5 19. Rb4 Nc6 20. Rb3 Na5
21. Rb4 Nc6 1/2-1/2

[Event "Langenfelder SF 1 - SG Solingen 3"]
[Site "NRW-Klasse - Gruppe 4 2019/20"]
[Date "2019.10.06"]
[Round "2.3"]
[White "Berg, Michael"]
[Black "Vogelmann, Peter"]
[Result "1-0"]
[WhiteElo "2270"]
[BlackElo "2117"]
[PlyCount "61"]
[EventDate "2019.??.??"]
[SourceVersionDate "2020.03.16"]
[WhiteTeam "SG Solingen 3"]
[BlackTeam "Langenfelder SF 1"]

1. d4 Nf6 2. c4 c5 3. d5 b5 4. cxb5 a6 5. b6 d6 6. Nc3 Qxb6 7. e4 g6 8. a4 Bg7
9. a5 Qb4 10. Ra4 Qb7 11. Bc4 O-O 12. Nge2 Kh8 13. O-O Qc7 14. Bd2 Nbd7 15. f4
Rb8 16. b3 Ne8 17. Ng3 Qa7 18. Kh1 Nc7 19. Qe2 Nf6 20. e5 Nfe8 21. Ra2 Kg8 22.
Na4 Nb5 23. Nb6 Nd4 24. Qe3 Qc7 25. Re1 Qd8 26. b4 Nc7 27. bxc5 dxc5 28. Qa3
Rxb6 29. axb6 Nxd5 30. Qxc5 Nxb6 31. Ba5 1-0

[Event "Langenfelder SF 1 - SG Solingen 3"]
[Site "NRW-Klasse - Gruppe 4 2019/20"]
[Date "2019.10.06"]
[Round "2.4"]
[White "Huelsmann, Josef"]
[Black "Kniest, Oliver"]
[Result "0-1"]
[WhiteElo "2143"]
[BlackElo "2222"]
[PlyCount "110"]
[EventDate "2019.??.??"]
[SourceVersionDate "2020.03.16"]
[WhiteTeam "Langenfelder SF 1"]
[BlackTeam "SG Solingen 3"]

1. d4 f5 2. g3 Nf6 3. Bg2 g6 4. b3 Bg7 5. Bb2 O-O 6. c4 d6 7. d5 e5 8. dxe6 c6
9. Nh3 Bxe6 10. Ng5 Bd7 11. O-O Qe7 12. Nd2 Na6 13. e3 Rad8 14. Qc2 Nc5 15.
Rad1 h6 16. Nh3 g5 17. Rfe1 Qf7 18. f4 Qg6 19. Nf2 Rfe8 20. b4 Ne6 21. Nb3 Bc8
22. Re2 Nc7 23. Bd4 a6 24. Bb6 Re7 25. Red2 Nfe8 26. Bh3 Qf7 27. Nd4 g4 28. Bg2
Bd7 29. e4 fxe4 30. Bxe4 Rc8 31. Nf5 Rxe4 32. Nxg7 Rxc4 33. Qb3 Kxg7 34. Re1
Be6 35. Qd1 d5 36. Nxg4 Re4 37. Ne5 Rxe1+ 38. Qxe1 Qf5 39. Bd4 Kh7 40. Re2 Nd6
41. Nf3 Re8 42. Be5 Qf8 43. Nd4 Bf7 44. g4 Ne6 45. Nf5 Nc4 46. Qh4 Nxe5 47.
fxe5 Ng5 48. Qg3 Bg6 49. Nd6 Ne4 50. Nxe4 Bxe4 51. Rf2 Qxb4 52. Rf7+ Kg8 53. e6
Rxe6 54. Qc7 Qd4+ 55. Rf2 Qd1+ 0-1

[Event "Langenfelder SF 1 - SG Solingen 3"]
[Site "NRW-Klasse - Gruppe 4 2019/20"]
[Date "2019.10.06"]
[Round "2.5"]
[White "Wickenfeld, Stefan"]
[Black "Weber, Peter"]
[Result "1-0"]
[WhiteElo "2194"]
[BlackElo "2105"]
[PlyCount "41"]
[EventDate "2019.??.??"]
[SourceVersionDate "2020.03.16"]
[WhiteTeam "SG Solingen 3"]
[BlackTeam "Langenfelder SF 1"]

1. d4 d5 2. Nf3 Nf6 3. g3 c6 4. Bg2 Bf5 5. O-O e6 6. b3 h6 7. Bb2 a5 8. a3 a4
9. b4 Nbd7 10. Nbd2 b5 11. Ne5 Nxe5 12. dxe5 Nd7 13. e4 Bh7 14. f4 Nb6 15. f5
Qd7 16. Bd4 Nc4 17. Nxc4 bxc4 18. g4 Qe7 19. Qf3 Rb8 20. c3 Rb7 21. Qd1 1-0

[Event "Langenfelder SF 1 - SG Solingen 3"]
[Site "NRW-Klasse - Gruppe 4 2019/20"]
[Date "2019.10.06"]
[Round "2.6"]
[White "Pejkovic, Patrick Slavko"]
[Black "Hubert, Ralf"]
[Result "0-1"]
[WhiteElo "2045"]
[BlackElo "2173"]
[PlyCount "52"]
[EventDate "2019.??.??"]
[SourceVersionDate "2020.03.16"]
[WhiteTeam "Langenfelder SF 1"]
[BlackTeam "SG Solingen 3"]

1. e4 c5 2. Nc3 Nc6 3. Bb5 Nd4 4. Bc4 g6 5. f4 Bg7 6. Nf3 d6 7. O-O Be6 8. d3
a6 9. Bxe6 fxe6 10. Ne2 Nxf3+ 11. Rxf3 Nh6 12. Qe1 Qb6 13. Rb1 d5 14. c4 Qc6
15. Nc3 dxc4 16. dxc4 Bd4+ 17. Kh1 Ng4 18. e5 O-O-O 19. h3 h5 20. Ne4 Qa4 21.
Bd2 Qxa2 22. b3 g5 23. Bc3 gxf4 24. Ra1 Qc2 25. Rc1 Bxc3 26. Rxc3 Qxe4 0-1

[Event "Langenfelder SF 1 - SG Solingen 3"]
[Site "NRW-Klasse - Gruppe 4 2019/20"]
[Date "2019.10.06"]
[Round "2.7"]
[White "Borchert, Stephan"]
[Black "Reinemer, Frank"]
[Result "1-0"]
[WhiteElo "2074"]
[BlackElo "2129"]
[PlyCount "125"]
[EventDate "2019.??.??"]
[SourceVersionDate "2020.03.16"]
[WhiteTeam "SG Solingen 3"]
[BlackTeam "Langenfelder SF 1"]

1. e4 Nf6 2. e5 Nd5 3. d4 d6 4. Nf3 Nb6 5. a4 a5 6. Nc3 g6 7. exd6 cxd6 8. Bb5+
N8d7 9. Be3 Bg7 10. Qd2 O-O 11. Bh6 Nf6 12. h3 Be6 13. Bxg7 Kxg7 14. O-O Qc7
15. Rfe1 Nc4 16. Qc1 h6 17. Ne2 Bd5 18. Nh2 e5 19. Rd1 Rac8 20. b3 Nb6 21. c4
Be6 22. Qc3 Nbd7 23. Ng3 Rfd8 24. Nf3 e4 25. Nd2 d5 26. Qe3 Nb6 27. Rac1 Qb8
28. c5 Na8 29. Qc3 Nc7 30. Qxa5 e3 31. Nf3 Nxb5 32. axb5 exf2+ 33. Kxf2 Ne4+
34. Nxe4 dxe4 35. d5 Bxd5 36. Qc3+ f6 37. Nd4 Qf4+ 38. Kg1 e3 39. Rf1 Qg3 40.
Rc2 Qe5 41. Ne2 Be4 42. Rcc1 Bd3 43. Rfe1 Bxb5 44. Qxe5 fxe5 45. Nc3 Rxc5 46.
b4 Rxc3 47. Rxc3 e2 48. Rc7+ Kf6 49. Rxb7 Rd1 50. Kf2 Bd3 51. Rc7 e4 52. Rc1
Rd2 53. Rc6+ Ke5 54. Ke3 Rb2 55. Rec1 e1=Q+ 56. Rxe1 Rxg2 57. Rc5+ Kf6 58. b5
Rb2 59. Rc6+ Kg5 60. Rg1+ Kf5 61. Rgxg6 Re2+ 62. Kd4 Bxb5 63. Rcf6# 1-0

[Event "Langenfelder SF 1 - SG Solingen 3"]
[Site "NRW-Klasse - Gruppe 4 2019/20"]
[Date "2019.10.06"]
[Round "2.8"]
[White "Wolfradt, Dirk"]
[Black "Auer, Martin"]
[Result "1/2-1/2"]
[WhiteElo "2045"]
[BlackElo "2169"]
[PlyCount "31"]
[EventDate "2019.??.??"]
[SourceVersionDate "2020.03.16"]
[WhiteTeam "Langenfelder SF 1"]
[BlackTeam "SG Solingen 3"]

1. d4 Nf6 2. Nf3 g6 3. c4 Bg7 4. Nc3 O-O 5. g3 d6 6. Bg2 Nc6 7. O-O a6 8. h3
Rb8 9. e4 b5 10. cxb5 axb5 11. e5 dxe5 12. Nxe5 Nxd4 13. Be3 c5 14. Bxd4 cxd4
15. Nc6 Qc7 16. Qxd4 1/2-1/2

[Event "SV Hilden 1 - Bergische SF 1"]
[Site "NRW-Klasse - Gruppe 4 2019/20"]
[Date "2019.10.06"]
[Round "2.1"]
[White "Bosbach, Stefan"]
[Black "Kretzschmar, Michael"]
[Result "0-1"]
[WhiteElo "2036"]
[BlackElo "2120"]
[PlyCount "136"]
[EventDate "2019.??.??"]
[SourceVersionDate "2020.03.16"]
[WhiteTeam "Bergische SF 1"]
[BlackTeam "SV Hilden 1"]

1. d4 g6 2. e4 Bg7 3. Nf3 Nc6 4. c3 d6 5. Bd3 e5 6. Be3 Nf6 7. h3 O-O 8. O-O
Re8 9. dxe5 Nxe5 10. Nxe5 dxe5 11. Qc2 Bd7 12. Nd2 Bc6 13. b4 Qd7 14. a4 Rad8
15. Be2 b6 16. Rfd1 Qe7 17. b5 Bb7 18. c4 Nd7 19. Nb3 Nc5 20. Nxc5 bxc5 21. f3
Rd4 22. Rdb1 Qh4 23. Bf1 Bh6 24. Qf2 Bxe3 25. Qxe3 Red8 26. Ra2 Bc8 27. a5 Be6
28. Rc2 Qg3 29. Qf2 Qxf2+ 30. Kxf2 Rd2+ 31. Rxd2 Rxd2+ 32. Ke1 Rc2 33. Kd1 Rf2
34. Ke1 Ra2 35. a6 Kf8 36. Rc1 Ke7 37. Be2 h5 38. h4 Rb2 39. Kf2 Rd2 40. Ke3
Rd4 41. g4 f5 42. gxf5 gxf5 43. Bd3 f4+ 44. Ke2 Rd8 45. Rg1 Rg8 46. Rxg8 Bxg8
47. Kd2 Be6 48. Bf1 Kd6 49. Kc3 Bc8 50. Kb3 c6 51. Ka4 Kc7 52. Ka5 Be6 53. Be2
Bd7 54. Bf1 cxb5 55. cxb5 Be6 56. Be2 Bb3 57. b6+ axb6+ 58. Kb5 Be6 59. a7 Kb7
60. a8=Q+ Kxa8 61. Kxb6 c4 62. Kc5 c3 63. Bd1 Bg4 64. fxg4 f3 65. Bxf3 c2 66.
Kd6 c1=Q 67. Kxe5 hxg4 68. Bxg4 Qh6 0-1